00542nam a2200181Ia 4500003000900000008004100009020001800050040001600068080001800084100002200102245008500124260003900209300001500248650002400263650002900287650002400316650002000340IN-BaIIA211028s9999 xx 000 0 eng d a0-486-60590-6 cIIA Library a524.3-64bCHA aChandrasekhar, S. 0aRadiative transfercS. Chandrasekhar  aNew YorkbDover Publicationsc1960 axiv, 393p. aIsotopic Scattering aPrinciples of Invariance aQuadrature Formulae aThe H-Functions